[Event "CZE-chT 1920"]
[Site "Czech Republic"]
[Date "2019.10.12"]
[Round "1.5"]
[White "Kriebel, Tadeas"]
[Black "Klima, Lukas"]
[Result "1/2-1/2"]
[WhiteElo "2528"]
[BlackElo "2334"]
[PlyCount "121"]
[EventDate "2019.10.12"]
[EventType "team-tourn"]
[EventRounds "11"]
[EventCountry "CZE"]
[SourceTitle "EXT 2020"]
[Source "ChessBase"]
[SourceDate "2019.10.17"]
[SourceVersion "1"]
[SourceVersionDate "2019.10.17"]
[SourceQuality "1"]
[WhiteTeam "Novoborsky"]
[BlackTeam "Poruba Slavoj"]
[WhiteTeamCountry "CZE"]
[BlackTeamCountry "CZE"]

1. e4 c6 2. d4 d5 3. e5 Bf5 4. Nf3 e6 5. Be2 h6 6. 0-0 Ne7 7. Nbd2 Nd7 8. Nb3 Qc7 9. Bd2 g5 10. a4 Ng6 11. Ne1 g4 12. Bxg4 Bxg4 13. Qxg4 c5 14. f4 Ne7 15. Be3 Nf5 16. Bf2 h5 17. Qe2 c4 18. Nc1 0-0-0 19. Nf3 h4 20. Ng5 Nb8 21. b3 Bh6 22. Nh3 Nc6 23. c3 Nce7 24. a5 Kb8 25. Be1 Rhg8 26. Ra4 Rg6 27. Rf2 Rdg8 28. Bd2 Qd7 29. Ra1 Qb5 30. Ng5 Bxg5 31. fxg5 Nc6 32. bxc4 dxc4 33. a6 b6 34. Qe4 Na5 35. Ne2 Qxa6 36. d5 Qb7 37. Rd1 Rd8 38. Nf4 Rgg8 39. Qc2 Qd7 40. g6 fxg6 41. Nxe6 Qxd5 42. Nxd8 Rxd8 43. e6 Qxe6 44. Bf4+ Kc8 45. Rxd8+ Kxd8 46. Re2 Qc6 47. Re5 Kc8 48. h3 Kb7 49. Qe2 Nb3 50. Re6 Qd5 51. Rxg6 Nc5 52. Qe8 Qe4 53. Qb8+ Ka6 54. Bc7 Qb1+ 55. Kh2 Ne3 56. Rxb6+ axb6 57. Qa8+ Kb5 58. Qe8+ Ka6 59. Qa8+ Kb5 60. Qe8+ Ka6 61. Qa8+ 1/2-1/2

[Event "CZE-chT1E 1819"]
[Site "Czech Republic"]
[Date "2019.04.07"]
[Round "11.2"]
[White "Pisk, Petr"]
[Black "Klima, Lukas"]
[Result "1/2-1/2"]
[WhiteElo "2324"]
[BlackElo "2315"]
[PlyCount "37"]
[EventDate "2018.10.21"]
[EventType "team-tourn"]
[EventRounds "11"]
[EventCountry "CZE"]
[SourceTitle "EXT 2020"]
[Source "ChessBase"]
[SourceDate "2019.10.17"]
[SourceVersion "1"]
[SourceVersionDate "2019.10.17"]
[SourceQuality "1"]
[WhiteTeam "Jundrov Jezdci"]
[BlackTeam "Ostrava"]
[WhiteTeamCountry "CZE"]
[BlackTeamCountry "CZE"]

1. e4 c5 2. Nf3 Nc6 3. Nc3 Nf6 4. Bb5 Qc7 5. 0-0 Nd4 6. Re1 a6 7. Bf1 d6 8. h3 e5 9. d3 h6 10. Nxd4 cxd4 11. Ne2 g6 12. c3 dxc3 13. Nxc3 Bg7 14. d4 0-0 15. Be3 Be6 16. d5 Bd7 17. Qd2 Kh7 18. Be2 b5 19. b4 1/2-1/2

[Event "Prague op"]
[Site "Prague"]
[Date "2019.03.15"]
[Round "8"]
[White "Poysti, Nathanael Nicolai"]
[Black "Klima, Lukas"]
[Result "0-1"]
[WhiteElo "2193"]
[BlackElo "2343"]
[PlyCount "74"]
[EventDate "2019.03.09"]
[EventType "swiss"]
[EventRounds "9"]
[EventCountry "CZE"]
[SourceTitle "CBM 189 Extra"]
[Source "ChessBase"]
[SourceDate "2019.06.03"]
[SourceVersion "1"]
[SourceVersionDate "2019.06.03"]
[SourceQuality "1"]

1. Nf3 c5 2. e3 g6 3. d4 Bg7 4. c4 Nf6 5. d5 0-0 6. Nc3 d6 7. Be2 e6 8. 0-0 exd5 9. cxd5 Re8 10. Nd2 Na6 11. e4 Nc7 12. f3 Nh5 13. f4 Bd4+ 14. Kh1 Ng7 15. Qc2 f5 16. Bf3 fxe4 17. Ndxe4 Nf5 18. Bd2 b5 19. Ng5 b4 20. Ne2 Bg7 21. Ng3 Nd4 22. Qd1 Nxf3 23. Qxf3 Bb7 24. f5 Bxd5 25. Qg4 Bxb2 26. Nxh7 Qd7 27. Ng5 Bxa1 28. Rxa1 Qg7 29. Rf1 Rf8 30. h4 gxf5 31. Nxf5 Rxf5 32. Rxf5 Be6 33. h5 Bxf5 34. Qxf5 Rf8 35. Qg4 Rf1+ 36. Kh2 Qe5+ 37. g3 Qf5 0-1

[Event "CZE-chT1E 1819"]
[Site "Czech Republic"]
[Date "2019.01.20"]
[Round "6.2"]
[White "Klima, Lukas"]
[Black "Langner, Ladislav"]
[Result "1/2-1/2"]
[WhiteElo "2315"]
[BlackElo "2397"]
[PlyCount "39"]
[EventDate "2018.10.21"]
[EventType "team-tourn"]
[EventRounds "11"]
[EventCountry "CZE"]
[SourceTitle "CBM 188 Extra"]
[Source "ChessBase"]
[SourceDate "2019.02.26"]
[SourceVersion "1"]
[SourceVersionDate "2019.02.26"]
[SourceQuality "1"]
[WhiteTeam "Ostrava"]
[BlackTeam "Trinec"]
[WhiteTeamCountry "CZE"]
[BlackTeamCountry "CZE"]

1. e4 c5 2. Nf3 e6 3. d4 cxd4 4. Nxd4 a6 5. Nc3 b5 6. Bd3 Bc5 7. Be3 Qb6 8. Qg4 Bxd4 9. e5 Nc6 10. Qxg7 Bxe5 11. Qxe5 Nxe5 12. Bxb6 Nxd3+ 13. cxd3 Bb7 14. Ne4 Bxe4 15. dxe4 Nf6 16. f3 Ke7 17. Rc1 Rhc8 18. Ke2 d6 19. Rhd1 e5 20. Bc7 1/2-1/2

[Event "CZE-chT2F 1819"]
[Site "Czech Republic"]
[Date "2019.01.13"]
[Round "6.2"]
[White "Stachowiak, Kamil"]
[Black "Klima, Lukas"]
[Result "1/2-1/2"]
[WhiteElo "2427"]
[BlackElo "2315"]
[PlyCount "43"]
[EventDate "2018.10.14"]
[EventType "team-tourn"]
[EventRounds "11"]
[EventCountry "CZE"]
[SourceTitle "EXT 2022"]
[Source "ChessBase"]
[SourceDate "2021.10.06"]
[SourceVersion "1"]
[SourceVersionDate "2021.10.06"]
[SourceQuality "1"]
[WhiteTeam "Vrbno pod Pradedem"]
[BlackTeam "Poruba Slavoj II"]
[WhiteTeamCountry "CZE"]
[BlackTeamCountry "CZE"]

1. d4 d5 2. Nf3 Nc6 3. b3 Bg4 4. Nbd2 e5 5. dxe5 d4 6. Bb2 Qd7 7. g3 0-0-0 8. Bg2 Nge7 9. 0-0 Ng6 10. c3 d3 11. exd3 Qxd3 12. h3 Be6 13. Nd4 Nxd4 14. cxd4 Nxe5 15. Ne4 Qa6 16. Ng5 Bf5 17. Qd2 h6 18. Qf4 Qg6 19. Qxe5 hxg5 20. g4 Bd7 21. d5 f6 22. Qe3 1/2-1/2